000 01099nam a22002657a 4500
001 BD-DhSAU 9278
003 BD-DhSAU
005 20230121120105.0
008 150613b2018 bg a|||| m||| 00| 0 eng d
040 _aBD-DhSAU
082 _222
_a338.1
_bAk79
100 _aAKTER, MARIOUM
_eRegistration No. # 14-05946
245 _aProfitability and resource use efficiency on maize production in some selected areas of chandpur district /
_bMS thesis
260 _aSher-e-Bangla Agricultural University :
_bDepartment of Economics,
_c2021
300 _axv, 70p. :
_bill. ;
_c30 cm.
500 _aMS thesis of Department of Economics, Faculty of Agribusiness , Sher-e-Bangla Agricultural University, Dhaka, Bangladesh
504 _aIncludes bibliographical reference.
590 _aNazmul
650 _amaize production
650 _achandpur district
700 _aDr. Fauzia Yasmin
_eSuperviser
700 _aProfessor Dr. Md. Mizanur Rahman Sarker
_eCo-superviser
856 _uhttp://archive.saulibrary.edu.bd:8080/xmlui/handle/123456789/4737
942 _2ddc
_cTHESIS
999 _c16539
_d16538